| 000 | 01401nam0a22003131 4500 | ||
|---|---|---|---|
| 001 | v19\rc\1564886 | ||
| 005 | 20061002103104.8 | ||
| 035 | _a(NLR Aleph) 004834953 | ||
| 090 |
_a4761516 _c4761516 |
||
| 100 | _a20061002d1891 |||y0rusy50 ca | ||
| 101 | 0 | _arus | |
| 102 | _aRU | ||
| 105 | _ay z |||a| | ||
| 200 | 1 |
_aСостязание опереточных героев, или Бенефициант спасен _eБенефисная шутка-интермедия в 2 карт. с рассказами, пением и комич. куплетами _fСост. Утка о трех носах [псевд.] |
|
| 210 |
_aМосква _cлит. С.Ф. Рассохина _dценз. 1891 |
||
| 215 |
_a12 с. _d22 |
||
| 300 | _aАвт. установлен по изд.: Каталог пьес членов О-ва рус. драм. писателей и оперных композиторов, М., 1914, с. 277 | ||
| 309 | _aНаписано от руки. Литогр. | ||
| 517 | 0 | _aБенефициант спасен | |
| 700 | 1 |
_aПальм _bГ. А. _f-1915 _gГригорий Александрович _4220 |
|
| 790 | 0 |
_aУтка о трех носах _f-1915 |
|
| 801 | 0 |
_aRU _bNLR _gpsbo |
|
| 801 | 0 |
_aRU _bRuMoRGB _2psbo |
|
| 801 | 1 |
_aRU _bProSoft-M _2rusmarc |
|
| 852 |
_aNLR _j18.207.5.339 |
||
| 899 |
_aRuMoRGB _jA 170/419 |
||
| 899 | _aБАН | ||
| 942 | _cBOOK | ||
| 980 | _aNB | ||